000 00908nam a2200217 i 4500
001 165860
003 ES-MaACL
005 20251017063110.0
008 931025s1899 sp |||| | spa d
040 _aAS
_bspa
_cPAB
100 1 _aSuárez Inclán, Julián,
_d1848-1909
_9132970
245 1 0 _aDefensa del general Toral ante el Consejo Supremo de Guerra y Marina, reunido y constituido en sala de justicia /
_c[Julián Suárez Inclán].
260 _aMadrid :
_bJoaquín Baquedano,
_c1899.
300 _a97 p. ;
_c23 cm.
594 _aAutor (p. [3]): Julián Suárez Inclán y González Villar.
600 2 4 _aToral y Velázquez, José.
_9133297
650 4 _aDelitos militares-
_zEspaña.
_9158911
650 _aBatalla de Santiago de Cuba, 1898.
_9172174
852 _aES-MaACL
_jT-925-F-5
_z-- Enc. hol., conservando la enc. original
_z-- Enc. en un vol. facticio
999 _c165860
_d165860